Chanteur vrai prénom - Statistiques

Statistiques générales
  • Ce quiz a été pris 137 fois
    130 depuis la dernière actualisation
  • Le résultat moyen est 7 sur 16
Statistiques - réponses
Par images Réponse % Correct
Aurélien
68%
Jean Philippe
60%
Mélanie
56%
Gandhi
50%
Julien
48%
Charlotte
46%
Ken
45%
William
45%
Didier
41%
Isabelle
41%
Isabelle
41%
Paul
37%
Said
30%
Claude
22%
Tamara
22%
Lucien
18%
Aucun quiz correspondant
Distribution des résultats
% des personnes avec chaque résultat
Percentile par nombre de réponses
Votre historique - résultats
Vous n’avez pas pris ce quiz depuis la dernière actualisation